000 00900nam a22002417a 4500
005 20240530110945.0
008 221114s 2020ua a g b 000 0 ara d
017 _a2019/17829
_bمصر. دار الكتب
020 _a9789773195175
040 _aEG-CaGPL
_cEG-CaGPL
082 0 4 _221
_a070.43
_bك م
100 0 _aكاظم عيدان شديد
245 1 2 _aالمراسل الحربى :
_bالاعلام الحربى والتغطية الاعلامية /
_cكاظم عيدان شديد
250 _aط.1
260 _aالقاهرة :
_bالعربى للنشر و التوزيع،
_c2020.
300 _a296 ص. :
_bايض ؛
_c24 سم.
504 _aيشتمل على ارجاعات ببليوجرافية
650 0 7 _2qrmak
_aمراسلو الصحف
650 0 7 _2qrmak
_aوكلات الانباء
651 _2qrmak
942 _2ddc
_cBK
999 _c66887
_d66887